Best NBA Player by Draft Class - Statistics

General Stats
  • This quiz has been taken 31 times
  • The average score is 24 of 26
Answer Stats
Year Team Player % Correct
2003 Nuggets Carmelo Anthony
100%
2003 Miami Heat Dwyane Wade
100%
2019 Grizzlies Ja Morant
100%
2017 Celtics Jayson Tatum
100%
2014 76ers Joel Embiid
100%
2007 Supersonics Kevin Durant
100%
2003 Cavaliers Lebron James
100%
2009 Warriors Stephen Curry
100%
2020 Timberwolves Anthony Edwards
95%
2021 Pistons Cade Cunningham
95%
2015 Suns Devin Booker
95%
2013 Bucks Giannis Antetokounmpo
95%
2009 Thunder James Harden
95%
2015 Timberwolves Karl-Anthony Towns
95%
2011 Cavaliers Kyrie Irving
95%
2008 Supersonics Russell Westbrook
95%
2012 Pelicans Anthony Davis
90%
2005 New Orleans Chris Paul
90%
2004 Magic Dwight Howard
90%
2022 Magic Paolo Banchero
90%
2010 Pacers Paul George
90%
2018 Hawks Luka Doncic
86%
2002 Houston Rockets Yao Ming
86%
2016 Lakers Brandon Ingram
81%
2011 Pacers Kawhi Leonard
81%
2006 Bulls LaMarcus Aldridge
52%
No matching quizzes found
Score Distribution
Percent of People with Each Score
Percentile by Number Answered
Your Score History
You have not taken this quiz